Statistics for Guess the Country By The Borders #2

Click here to take the quiz!

General Stats

  • This quiz has been taken 33 times
    (17 since last reset)
  • The average score is 6 of 20

Answer Stats

Bordering CountriesCountry% Correct
F,NSweden
75%
FMonaco
69%
GDenmark
63%
I,J,K,O,Q,U.A.E,YSaudi Arabia
63%
L,T,VCambodia
56%
SPortugal or Gambia
50%
N,S.A,Z,ZBotswana
44%
L,REstonia
31%
D,E,K,S,S.S,SEthiopia
31%
B,G,U.SMexico
31%
B,C,C,NNigeria
25%
B,E,P,P,VColombia
19%
A,F,(G),M,PSpain
19%
C,K,R,T,UKazakhstan
13%
A,A,B,G,G,I,I,STurkey
13%
A,G,I,R,TAzerbaijan
6%
B,C,I,L,TMyanmar
6%
A,C,H,ISlovenia
6%
C,M,SBosnia and Herzegovina
0%
A,M,SMauritania
0%

Score Distribution

Percentile by Number Answered

Percent of People with Each Score

Your Score History

You have not taken this quiz since the last reset